Groupes de choses : Allemagne - Statistiques

Statistiques générales
  • Ce quiz a été pris 301 fois
  • Le résultat moyen est 20 sur 35
Statistiques - réponses
Hint Réponse % Correct
Pays limitrophes de l'Allemagne France
97%
Pays limitrophes de l'Allemagne Autriche
96%
Pays limitrophes de l'Allemagne Belgique
95%
Pays limitrophes de l'Allemagne Pologne
95%
Pays limitrophes de l'Allemagne Pays-Bas
93%
Pays limitrophes de l'Allemagne Suisse
93%
Pays limitrophes de l'Allemagne Danemark
91%
Pays limitrophes de l'Allemagne Luxembourg
91%
Les 4 derniers chanceliers Angela Merkel
90%
Pays limitrophes de l'Allemagne République tchèque
86%
Rivières les plus longues Rhin
85%
Plus grandes entreprises automobiles Mercedes
75%
Plus grandes entreprises automobiles Volkswagen
75%
Plus grandes entreprises automobiles BMW
73%
Rivières les plus longues Danube
64%
Royaumes qui ont formé l'Empire allemand Prusse
64%
Meilleurs buteurs de la Coupe du Monde de football Gerd Müller
59%
Capitales de l'Allemagne divisée Berlin-Est
58%
Capitales de l'Allemagne divisée Bonn
56%
Ingrédients de la bière "pure" Houblon
55%
Ingrédients de la bière "pure" Eau
53%
Villes libres et hanséatiques de l'Empire allemand Hambourg
53%
Ingrédients de la bière "pure" Orge
49%
Meilleurs buteurs de la Coupe du Monde de football Miroslav Klose
46%
Royaumes qui ont formé l'Empire allemand Bavière
38%
Les 4 derniers chanceliers Olaf Scholz
37%
Rivières les plus longues Elbe
33%
Les 4 derniers chanceliers Helmut Kohl
29%
Royaumes qui ont formé l'Empire allemand Saxe
26%
Villes libres et hanséatiques de l'Empire allemand Brême
25%
Les 4 derniers chanceliers Gerhard Schröder
16%
Rivières les plus longues Oder
13%
Villes libres et hanséatiques de l'Empire allemand Lübeck
11%
Royaumes qui ont formé l'Empire allemand Wurtemberg
6%
Meilleurs buteurs de la Coupe du Monde de football Jürgen Klinsmann
5%
Aucun quiz correspondant
Distribution des résultats
% des personnes avec chaque résultat
Percentile par nombre de réponses
Votre historique - résultats
Vous n’avez pas pris ce quiz